Soil survey of Monroe County, (Record no. 27108)

MARC details
000 -LEADER
fixed length control field 00919cam a22002411 4500
001 - CONTROL NUMBER
control field gs 34000154
003 - CONTROL NUMBER IDENTIFIER
control field DLC
005 - DATE AND TIME OF LATEST TRANSACTION
control field 20260227111338.0
008 - FIXED-LENGTH DATA ELEMENTS--GENERAL INFORMATION
fixed length control field 780901s1931 wiuab s000 0 eng c
010 ## - LIBRARY OF CONGRESS CONTROL NUMBER
LC control number gs 34000154
035 ## - SYSTEM CONTROL NUMBER
System control number (OCoLC)4187539
040 ## - CATALOGING SOURCE
Original cataloging agency U. S. Geol. Survey. Library
Transcribing agency AzU
Modifying agency DLC
042 ## - AUTHENTICATION CODE
Authentication code premarc
050 00 - LIBRARY OF CONGRESS CALL NUMBER
Classification number QE179
Item number .A2 no. 60b
100 1# - MAIN ENTRY--PERSONAL NAME
Personal name Whitson, A. R.
Fuller form of name (Andrew R.),
Dates associated with a name 1870-1945.
245 10 - TITLE STATEMENT
Title Soil survey of Monroe County,
Statement of responsibility, etc. by A. R. Whitson [and others.
260 ## - PUBLICATION, DISTRIBUTION, ETC.
Place of publication, distribution, etc. Madison]
Name of publisher, distributor, etc. The State,
Date of publication, distribution, etc. 1931
300 ## - PHYSICAL DESCRIPTION
Extent 93 p.
Other physical details illus., fold. map.
Dimensions 23 cm.
490 0# - SERIES STATEMENT
Series statement Wisconsin. Geological and Natural History Survey. Bulletin,
Volume/sequential designation no. 60-B. Soil series, no. 35
650 #0 - SUBJECT ADDED ENTRY--TOPICAL TERM
Topical term or geographic name entry element Soil surveys
Geographic subdivision Wisconsin
-- Monroe County.
810 2# - SERIES ADDED ENTRY--CORPORATE NAME
Corporate name or jurisdiction name as entry element Wisconsin Geological and Natural History Survey.
Title of a work Bulletin.
Volume/sequential designation no. 60B.
810 2# - SERIES ADDED ENTRY--CORPORATE NAME
Corporate name or jurisdiction name as entry element Wisconsin Geological and Natural History Survey.
Title of a work Soil series ;
Volume/sequential designation no. 35.

No items available.

Powered by Koha